000 00419nam a2200157Ia 4500
005 20240606003315.0
008 240331s9999 xx 000 0 und d
020 _a0195138058
082 _bBOR
_a361
100 _aBornstein,D
245 0 _aHow to change the world :
_bsocial entrepreneurs and the power of new ides
650 _aSocial action
650 _aSocial service
650 _aSocial reformers
942 _cL
999 _c2638
_d2638